Pietų Amerikos sostinės - Statistics

General Stats
  • This quiz has been taken 718 times
  • The average score is 9 of 12
Answer Stats
Šalys Sostinės % Correct
Brazilija Brazilija
93%
Argentina Buenos Airės
89%
Peru Lima
83%
Ekvadoras Kitas
81%
Bolivija Sukrė / La Pasas
78%
Čilė Santjagas
74%
Kolumbija Bogota
72%
Paragvajus Asunsjonas
66%
Gajana Džordžtaunas
65%
Venesuela Karakasas
65%
Urugvajus Montevidėjas
64%
Surinamas Paramaribas
58%
No matching quizzes found
Score Distribution
Percent of People with Each Score
Percentile by Number Answered
Your Score History
You have not taken this quiz